000 00319nam a22001457a 4500
003 SGT
082 _a330.065,MIT
100 _aMITTAL,A
245 _aMICROECONOMICS THEORY AND APPLICATION PART-I
250 _a2ND
260 _aNEW DELHI
_bTAXMAN
_c2008
300 _a428
650 _aMICROECONOMICS
942 _2ddc
_cBK
999 _c9589
_d9589